Títulos de la República de Chile a la soberanía i dominio de la estremidad austral del continente americano. Por Miguel Luis Amunátegui. Refutación de la Memoria Histórica que en 1852 ha publicado en Buenos Aires Don Pedro de Angelis con el objeto de sostener la soberanía i dominio de la República Arjentina sobre el mismo territorio

Guardat en:
Dades bibliogràfiques
Autor principal: Amunátegui, Miguel Luis (Autor)
Format: Llibre
Idioma:espanyol
Publicat: Santiago Imprenta de Julio Belin i Ca. 1853
Edició:1a. ed
Matèries:
Etiquetes: Afegir etiqueta
Sense etiquetes, Sigues el primer a etiquetar aquest registre!

MARC

LEADER 00000nam a2200000 a 4500
001 UCJ5079
003 CL-VaPUC
008 070124e18530000CL |||||||||||||||||spa|d
082 0 4 |a 983  |b AMU  |2 21 
100 0 |a Amunátegui, Miguel Luis  |e author  |9 506140 
245 1 0 |a Títulos de la República de Chile a la soberanía i dominio de la estremidad austral del continente americano. Por Miguel Luis Amunátegui. Refutación de la Memoria Histórica que en 1852 ha publicado en Buenos Aires Don Pedro de Angelis con el objeto de sostener la soberanía i dominio de la República Arjentina sobre el mismo territorio 
250 |a 1a. ed 
300 |a 121 p 
942 |c BK 
945 |d 20070124 00:00:00  |a rinostro 
260 |a Santiago  |b Imprenta de Julio Belin i Ca.  |c 1853 
500 |a Empastado junto a otra obra del mismo autor y mismo título; en el caso de este registro la refutación es contra Pedro de Angelis y en el registro siguiente es contra Vélez Sarsfield. Ambos se encuentran en un volumen rotulado Títulos de Chile sobre la estremidad austral del continente y está ubicado en 983 AMU 
600 0 7 |a ANGELIS, PEDRO DE  |2 CL-VaPUC  |9 509838 
650 0 |a Límites con Argentina  |9 504170 
650 7 |a DOCUMENTOS  |2 CL-VaPUC  |9 366450 
650 7 |a FUENTES  |2 CL-VaPUC  |9 255666 
650 0 |a Derecho internacional  |9 255637 
650 7 |a UTI POSSIDETIS JURIS  |2 CL-VaPUC  |9 509839 
650 7 |a NOTAS COMPLEMENTARIAS  |2 CL-VaPUC  |9 506294 
650 0 |a Historia de Chile  |9 265473 
651 0 |a Argentina  |9 254888 
651 7 |a CHILE  |2 CL-VaPUC  |9 509840 
651 0 |a Magallanes  |9 265180 
583 |a last modification  |c 20070124 00:00:00  |k Rodrigo Vera 
999 |c 321192  |d 321190 
952 |0 0  |1 0  |4 0  |6 983_000000000000000_AMU_1853  |7 0  |8 X  |9 399878  |a FDOBUD  |b FDOBUD  |d 2019-11-22  |i 1029746  |o 983 AMU 1853  |p 1029746  |r 2019-11-22  |w 2019-11-22  |y BK_X  |k BUD